01188nam a2200289 i 4500001000700000003000900007005001700016008004100033020001800074080001100092080001100103080003400114080002600148080002900174100003100203245012000234260014200354300004100496504003200537600003200569630002300601650004500624650002600669700004300695710005200738852010800790184004ES-MaACL20230906222026.0150206s2001 sp aop |||| |dspa d a84-931127-8-X a75.057 a75.033 a091 Beato de Liébana, Santo a091 Beato de Tábara a091.01(460.184 Tábara)1 aRegueras Grande, Fernando.10aScriptorium b: Tábara visigoda y mozárabe / cFernando Regueras Grande y Hermenegildo García-Aráez Ferrer. a[S.l. : bAyuntamiento de Tábara : bCentro de Estudios Benaventanos "Ledo del Pozo" : bParroquia de Tábara], c[2001] (eSalamanca) a183 p. : bil. col., fot. ; c28 cm. aBibliografía: p. 175-183.07aBeato de Liébana cSanto.07aBeato de Tábara. 7aIluminación de manuscritos-zEspaña. 4aManuscritos miniados.1 aGarcía-Aráez Ferrer, Hermenegildo.2 aCentro de Estudios Benaventanos "Ledo del Pozo" aES-MaACLjB-466 z. - enc. en tela granate z. - Donat. Centro de Estudios Benaventanos "Ledo del Pozo"